Soybean:Genetic,Molecular Biology and Biotechnology; (Record no. 6223)
[ view plain ]
| 000 -LEADER | |
|---|---|
| fixed length control field | 00548nam a22001937a 4500 |
| 003 - CONTROL NUMBER IDENTIFIER | |
| control field | OSt |
| 005 - DATE AND TIME OF LATEST TRANSACTION | |
| control field | 20190815120722.0 |
| 008 - FIXED-LENGTH DATA ELEMENTS--GENERAL INFORMATION | |
| fixed length control field | 190815b ||||| |||| 00| 0 eng d |
| 020 ## - INTERNATIONAL STANDARD BOOK NUMBER | |
| International Standard Book Number | 0851989845 |
| 040 ## - CATALOGING SOURCE | |
| Transcribing agency | DDC |
| 082 ## - DEWEY DECIMAL CLASSIFICATION NUMBER | |
| Classification number | 635SOY 1996. |
| 100 ## - MAIN ENTRY--PERSONAL NAME | |
| Personal name | Edited by Verma,D.P.S;Shoemaker,R.C; |
| 9 (RLIN) | 12812 |
| 245 ## - TITLE STATEMENT | |
| Title | Soybean:Genetic,Molecular Biology and Biotechnology; |
| 260 ## - PUBLICATION, DISTRIBUTION, ETC. (IMPRINT) | |
| Place of publication, distribution, etc. | USA, |
| Name of publisher, distributor, etc. | CAB international; |
| Date of publication, distribution, etc. | 1996. |
| 300 ## - PHYSICAL DESCRIPTION | |
| Extent | x,270p; |
| Other physical details | ill, |
| Dimensions | 25cm. |
| 504 ## - BIBLIOGRAPHY, ETC. NOTE | |
| Bibliography, etc | includes References and index. |
| 650 ## - SUBJECT ADDED ENTRY--TOPICAL TERM | |
| Topical term or geographic name as entry element | Biology. |
| 9 (RLIN) | 5602 |
| 942 ## - ADDED ENTRY ELEMENTS (KOHA) | |
| Source of classification or shelving scheme | Dewey Decimal Classification |
| Koha item type | Open Shelf |
| Withdrawn status | Lost status | Source of classification or shelving scheme | Damaged status | Not for loan | Home library | Current library | Date acquired | Source of acquisition | Inventory number | Total Checkouts | Full call number | Barcode | Date last seen | Price effective from | Koha item type |
|---|---|---|---|---|---|---|---|---|---|---|---|---|---|---|---|
| Dewey Decimal Classification | MUST Main Library | MUST Main Library | 15/08/2019 | Donation | 03/18054 | 635SOY 1996. | 2019-0096 | 15/08/2019 | 15/08/2019 | Open Shelf | |||||
| Dewey Decimal Classification | MUST Main Library | MUST Main Library | 15/08/2019 | Donation | 03/18053 | 635SOY 1996. | 2019-0097 | 15/08/2019 | 15/08/2019 | Open Shelf |
